000 00580nam a2200217Ia 4500
003 GCL
008 140319s9999 xx 000 0 ara d
040 _aGCL /
_cGCL
082 0 4 _a920.71
_bس م
100 1 _aسعيد الجزائرى
245 1 0 _aمشاهير حركوا العالم /
_cسعيد الجزائرى
260 _a[S.N] :
_bدار الجيل ،
_c1991
300 _a311 ص
490 _a
650 0 4 _aالمخابرات
650 0 4 _aالتراجم
650 0 4 _aلبنان
650 0 4 _aالاعلام
650 0 4 _aالمافيا
942 _2ddc
_cBK
999 _c53977
_d53977